| 000 | 00933nam a2200205 i 4500 | ||
|---|---|---|---|
| 001 | 161697 | ||
| 003 | ES-MaACL | ||
| 005 | 20230906212336.0 | ||
| 008 | 940301s1890 sp |||| | spa d | ||
| 080 | _a336.223(464.1M.)"15/17" | ||
| 100 | 1 |
_aPeñasco de la Puente, Hilario. _990325 |
|
| 245 | 1 | 4 |
_aLas sisas de Madrid : _bapuntes para escribir su historia / _cpor Hilario Peñasco de la Puente. |
| 260 |
_aMadrid : _b[s.n.], _c1890 ( _fImp. de Enrique Rubiños) |
||
| 300 |
_a54 p. ; _c19 cm. |
||
| 530 | _aDisponible en formato digital. | ||
| 650 | 4 |
_aSisa (Impuesto)- _zMadrid. _9172256 |
|
| 852 |
_aES-MaACL _jFol-Laf-410 _z- Legado Modesto de la Fuente |
||
| 852 |
_aES-MaACL _jT-593-F-6 _z- Enc. hol., conservando cub. original _z- Enc. en un vol. facticio |
||
| 856 |
_uhttps://bibliotecavirtualmadrid.comunidad.madrid/bvmadrid_publicacion/es/consulta/registro.do?id=255 _zBiblioteca Digital de la Comunidad de Madrid |
||
| 999 |
_c161697 _d161697 |
||